[Event "Nassau CC-ch"]
[Site "Nassau"]
[Date "2000.10.30"]
[Round "3"]
[White "Biederman, A."]
[Black "Kaplan, Ivan"]
[Result "0-1"]
[WhiteElo "1636"]
[BlackElo "1813"]
[PlyCount "56"]
[EventDate "2000.10.??"]
[EventType "swiss"]
[EventRounds "10"]
[EventCountry "USA"]
[SourceTitle "EXT 2003"]
[Source "ChessBase"]
[SourceDate "2002.11.25"]
[SourceVersion "1"]
[SourceVersionDate "2002.11.25"]
[SourceQuality "1"]

1. e4 e6 2. d4 d5 3. Nd2 Nf6 4. e5 Ne4 5. Nxe4 dxe4 6. Be3 Be7 7. Qg4 g6 8. Qxe4 0-0 9. Nf3 c6 10. Be2 Nd7 11. 0-0 a5 12. h4 f5 13. Qf4 b5 14. Qh6 Rf7 15. Bg5 Nb6 16. h5 Rg7 17. Bxe7 Qxe7 18. hxg6 Rxg6 19. Qh4 Qf8 20. Qf4 Nd5 21. Qh4 Ra7 22. c4 Rg4 23. cxd5 Rxh4 24. Nxh4 Qh6 25. Nf3 exd5 26. Rac1 Rg7 27. Bxb5 Bb7 28. Bd3 Qh3 0-1